|
|
|
|
| LEADER |
00000nam a2200000 a 4500 |
| 001 |
UCU5038 |
| 003 |
CL-VaPUC |
| 008 |
960531e19600000SP |||||||||||||||||spa|d |
| 082 |
0 |
4 |
|a 621.381
|b KAR
|2 21
|
| 100 |
0 |
|
|a Karakash, John J
|e author
|9 362892
|
| 245 |
1 |
0 |
|a Líneas de transmisión y filtros eléctricos
|
| 300 |
|
|
|a 372 p
|
| 942 |
|
|
|c BK
|
| 945 |
|
|
|d 19960531 00:00:00
|a cmena
|
| 260 |
|
|
|a Barcelona
|b Reverté
|c 1960
|
| 650 |
|
0 |
|a Circuitos eléctricos
|9 260262
|
| 650 |
|
0 |
|a Electricidad
|9 260222
|
| 650 |
|
7 |
|a LONGITUD DE ONDA
|2 CL-VaPUC
|9 360856
|
| 650 |
|
0 |
|a Propagación de ondas
|9 263256
|
| 650 |
|
7 |
|a FRECUENCIAS
|2 CL-VaPUC
|9 360857
|
| 650 |
|
0 |
|a Oscilaciones
|9 344730
|
| 583 |
|
|
|a last modification
|c 19960531 00:00:00
|k Rodrigo Vera
|
| 999 |
|
|
|c 248548
|d 248546
|
| 952 |
|
|
|0 0
|1 0
|4 0
|6 621_381000000000000_KAR_1960
|7 0
|8 A
|9 265237
|a BIBING
|b BIBING
|d 2019-11-19
|i 1668471
|o 621.381 KAR 1960
|p 1668471
|r 2025-01-20
|w 2019-11-19
|y BK
|k EIE
|
| 952 |
|
|
|0 0
|1 0
|4 0
|6 621_381000000000000_KAR_1960
|7 0
|8 A
|9 265238
|a BIBING
|b BIBING
|d 2019-11-19
|i 166848K
|o 621.381 KAR 1960
|p 166848K
|r 2025-01-20
|w 2019-11-19
|y BK
|k EIE
|
| 952 |
|
|
|0 0
|1 0
|4 0
|6 621_381000000000000_KAR_1960
|7 0
|8 A
|9 265239
|a BIBING
|b BIBING
|d 2019-11-19
|i 1668498
|o 621.381 KAR 1960
|p 1668498
|r 2025-01-20
|w 2019-11-19
|y BK
|k ING
|
| 952 |
|
|
|0 0
|1 0
|4 0
|6 621_381000000000000_KAR_1960
|7 0
|8 A
|9 265240
|a BIBING
|b BIBING
|d 2019-11-19
|i 1668501
|o 621.381 KAR 1960
|p 1668501
|r 2025-01-20
|w 2019-11-19
|y BK
|k ING
|
| 952 |
|
|
|0 0
|1 0
|4 0
|6 621_381000000000000_KAR_1960
|7 0
|8 A
|9 265241
|a BIBING
|b BIBING
|d 2019-11-19
|i 166851K
|o 621.381 KAR 1960
|p 166851K
|r 2025-01-20
|w 2019-11-19
|y BK
|k EIE
|
| 952 |
|
|
|0 0
|1 0
|4 0
|6 621_381000000000000_KAR_1960
|7 0
|8 A
|9 265242
|a BIBING
|b BIBING
|d 2019-11-19
|i 1668528
|o 621.381 KAR 1960
|p 1668528
|r 2025-01-20
|w 2019-11-19
|y BK
|k EIE
|
| 952 |
|
|
|0 0
|1 0
|4 0
|6 621_381000000000000_KAR_1960
|7 0
|8 A
|9 265243
|a BIBING
|b BIBING
|d 2019-11-19
|i 1668536
|o 621.381 KAR 1960
|p 1668536
|r 2025-01-20
|w 2019-11-19
|y BK
|k EIE
|